Karhulajit - Statistics

Yleistilastot
  • Tätä visaa on pelattu 907 kertaa
  • Keskiarvotulos 4 / 8
Vastaustilastot
Elinalue Karhu % Oikein
Arktinen alue Jääkarhu
97%
Pohjois-Amerikka, Eurooppa, Aasia Karhu (ruskeakarhu)
91%
Pohjois-Amerikka Mustakarhu
91%
Kiina Isopanda
75%
Kaakkois-Aasia Malaijikarhu
35%
Etelä-Amerikka Silmälasikarhu
20%
Aasia Kauluskarhu
12%
Intian niemimaa Huulikarhu
10%
Ehtoja vastaavia visoja ei löytynyt
Tulosjakauma
Jokaisen tuloksen saaneiden osuus
Persentiili vastausten määrän mukaan
Tuloshistoriasi
Et ole pelannut tätä visaa